000 00656nam a22001817a 4500
003 UA-OsUOA
001 13575
007 ta
008 20030609b un ||||| |||| 00| 0 ukr d
100 _aМиронюк К.
942 _cSA
040 _aUA-OsUOA
_cUA-OsUOA
_dUA-OsUOA
245 _a"Музейні гостини" - творчий звіт народних умільців: [В обл. краєзн. музеї відбулося обл. свято нар. творчості]
300 _aС.2
955 _a0
773 0 _w0
_tВільне слово
_dРівне
_d2003
_g№39/21 трав./
650 7 _aКраєзнавча робота
_2UDC
999 _c299736
_d299736